Loading...
| Fine Arts - Classical Music | 11 | 22.73 | 100% | 82% | 46% |
| Fine Arts - Other Fine Arts | 8 | 20.00 | 100% | 75% | 25% |
| Fine Arts - Painting & Sculpture | 7 | 21.43 | 100% | 71% | 43% |
| History - American History | 8 | 15.00 | 100% | 50% | 0% |
| History - European History | 8 | 16.25 | 100% | 50% | 13% |
| History - Other History | 9 | 18.89 | 100% | 67% | 22% |
| History - World History | 4 | 12.50 | 100% | 25% | 0% |
| Literature - American Literature | 5 | 14.00 | 100% | 40% | 0% |
| Literature - British Literature | 7 | 20.00 | 100% | 71% | 29% |
| Literature - European Literature | 8 | 18.75 | 100% | 88% | 0% |
| Literature - World Literature | 5 | 14.00 | 100% | 20% | 20% |
| Mythology | 5 | 10.00 | 60% | 20% | 20% |
| Other | 8 | 20.00 | 100% | 63% | 38% |
| Philosophy | 5 | 22.00 | 100% | 100% | 20% |
| Religion | 8 | 28.75 | 125% | 88% | 75% |
| Science - Biology | 6 | 21.67 | 100% | 83% | 33% |
| Science - Chemistry | 3 | 16.67 | 100% | 67% | 0% |
| Science - Other Science | 5 | 16.00 | 100% | 40% | 20% |
| Science - Physics | 6 | 23.33 | 100% | 100% | 33% |
| Social Science | 5 | 18.00 | 80% | 80% | 20% |